000 00417pab a2200181 454500
008 180718b2009 xxu||||| |||| 00| 0 eng d
100 _aSinha, Amarjeet
245 _aBudget 08-09: health sector and budget
260 _c2009
300 _ap.24-26.
362 _aMar
650 _aHealth services - India
650 _aBudget - India
650 _aBudget
773 _aYojana
908 _aN
909 _a77708
999 _c77708
_d77708